000 00621nam a2200205Ia 4500
003 GCL
008 140319s9999 xx 000 0 ara d
040 _aGCL /
_cGCL
082 0 4 _a813.03
_bس م
100 1 _aسعد مكاوى
245 1 0 _aالسائرون نياما /
_cسعد مكاوى
260 _a[S.N] :
_bالهيئة المصرية العامة للكتاب ،
_c1989
300 _a226 ص
490 _aالاعمال الكاملة
_v0
650 0 4 _aالادب العربى
650 0 4 _aالقصص العربية
650 0 4 _aمصر
650 0 4 _aالمقالات العربية
942 _2ddc
_cBK
999 _c30020
_d30020